[Event "Scarborough CC-ch Reserves"]
[Site "Toronto"]
[Date "2012.05.10"]
[Round "8"]
[White "Zhong, Joey"]
[Black "Huston, Scott"]
[Result "0-1"]
[WhiteElo "1553"]
[BlackElo "1756"]
[PlyCount "74"]
[EventDate "2012.03.22"]
[EventType "swiss"]
[EventRounds "9"]
[EventCountry "CAN"]
[SourceTitle "EXT 2022"]
[Source "ChessBase"]
[SourceDate "2021.10.06"]
[SourceVersion "1"]
[SourceVersionDate "2021.10.06"]
[SourceQuality "1"]

1. d4 Nf6 2. c4 e6 3. Nc3 Bb4 4. a3 Bxc3+ 5. bxc3 c5 6. e3 b6 7. Bd3 Bb7 8. f3 d6 9. Ne2 0-0 10. e4 Nbd7 11. 0-0 Rc8 12. Ng3 Ba6 13. Qe2 Qc7 14. d5 Ne5 15. Bf4 Nfd7 16. Rae1 Rfe8 17. Bxe5 Nxe5 18. f4 Nxd3 19. Qxd3 Qd7 20. Qe2 Qa4 21. dxe6 fxe6 22. Qd2 Bxc4 23. Qxd6 Bxf1 24. Rxf1 Rcd8 25. Qe5 Qxa3 26. Nh5 Re7 27. f5 c4 28. f6 Rf7 29. Qxe6 Qc5+ 30. Kh1 Qxh5 31. g4 Qg6 32. h4 Kh8 33. e5 gxf6 34. exf6 Qd3 35. Re1 Qf3+ 36. Kg1 Rxf6 37. Qe5 Qxg4+ 0-1

[Event "Scarborough CC Winter End"]
[Site "Toronto"]
[Date "2012.03.08"]
[Round "4"]
[White "Huston, Scott"]
[Black "Zotkin, Daniel"]
[Result "0-1"]
[WhiteElo "1804"]
[BlackElo "1783"]
[PlyCount "66"]
[EventDate "2012.02.16"]
[EventType "swiss"]
[EventRounds "5"]
[EventCountry "CAN"]
[SourceTitle "EXT 2022"]
[Source "ChessBase"]
[SourceDate "2021.10.06"]
[SourceVersion "1"]
[SourceVersionDate "2021.10.06"]
[SourceQuality "1"]

1. d4 d5 2. c4 e6 3. Nc3 Nf6 4. cxd5 exd5 5. Bg5 Nbd7 6. Nf3 Be7 7. e3 0-0 8. Bd3 h6 9. Bh4 b6 10. Qc2 Bb7 11. 0-0-0 c5 12. Bf5 c4 13. g4 Re8 14. Bxf6 Nxf6 15. g5 hxg5 16. Nxg5 Bb4 17. Rhg1 Bxc3 18. bxc3 Qd6 19. Kb1 a5 20. Bh7+ Kf8 21. Nxf7 Kxf7 22. Qg6+ Ke7 23. Qxg7+ Kd8 24. Qxb7 Rb8 25. Qg7 Re7 26. Qh6 Rxh7 27. Rg8+ Kd7 28. Rg7+ Rxg7 29. Qxg7+ Kc6 30. f3 Rg8 31. Qf7 Rg2 32. e4 Qa3 33. exd5+ Kb5 0-1

[Event "Scarborough CC Jack Frost"]
[Site "Toronto"]
[Date "2012.01.05"]
[Round "1"]
[White "Huston, Scott"]
[Black "Picana, Andrew"]
[Result "1-0"]
[WhiteElo "1784"]
[BlackElo "2092"]
[PlyCount "94"]
[EventDate "2012.01.05"]
[EventType "swiss"]
[EventRounds "6"]
[EventCountry "CAN"]
[SourceTitle "EXT 2022"]
[Source "ChessBase"]
[SourceDate "2021.10.06"]
[SourceVersion "1"]
[SourceVersionDate "2021.10.06"]
[SourceQuality "1"]

1. d4 e6 2. c4 f5 3. Nc3 d5 4. cxd5 exd5 5. Nf3 Nf6 6. Bg5 Be7 7. Qb3 c6 8. e3 0-0 9. Bd3 Kh8 10. Ne5 Ne4 11. Bxe7 Qxe7 12. Nxe4 fxe4 13. Be2 a5 14. f4 exf3 15. gxf3 a4 16. Qc3 a3 17. b3 Nd7 18. f4 Qh4+ 19. Kd2 Nf6 20. Qb4 Kg8 21. Raf1 Ne4+ 22. Kc1 Bh3 23. Nf3 Qf6 24. Re1 Rfb8 25. Ne5 Qh4 26. Bf3 Nf2 27. Rhg1 Qf6 28. Qd2 Ne4 29. Bxe4 dxe4 30. Rg3 Bf5 31. Reg1 g6 32. Rg5 Kh8 33. h4 Rg8 34. Qb4 Rab8 35. Qc4 Rgf8 36. h5 Be6 37. Qe2 gxh5 38. Qxh5 Rg8 39. Ng6+ Kg7 40. Ne7+ Kh8 41. Nxg8 Rxg8 42. Rxg8+ Bxg8 43. Qe8 Qe6 44. Qxe6 Bxe6 45. Rg5 Bd5 46. f5 h6 47. Rg6 Kh7 1-0

[Event "Scarborough CC Spring Into Summer U2000"]
[Site "Toronto"]
[Date "2011.06.16"]
[Round "7"]
[White "Paterson, Jim"]
[Black "Huston, Scott"]
[Result "1/2-1/2"]
[WhiteElo "1793"]
[BlackElo "1811"]
[PlyCount "59"]
[EventDate "2011.04.28"]
[EventType "swiss"]
[EventRounds "9"]
[EventCountry "CAN"]
[SourceTitle "EXT 2022"]
[Source "ChessBase"]
[SourceDate "2021.10.06"]
[SourceVersion "1"]
[SourceVersionDate "2021.10.06"]
[SourceQuality "1"]

1. e4 c5 2. d4 cxd4 3. c3 dxc3 4. Nxc3 Nc6 5. Nf3 e6 6. Bc4 Bc5 7. a3 a6 8. 0-0 b5 9. Ba2 Nge7 10. Bf4 0-0 11. Bd6 Bxd6 12. Qxd6 f5 13. e5 Ng6 14. Bxe6+ dxe6 15. Qxc6 Rb8 16. Rad1 Qb6 17. Rd6 Qxc6 18. Rxc6 Rd8 19. Rd1 Rxd1+ 20. Nxd1 Bb7 21. Rxe6 Bxf3 22. gxf3 Nh4 23. Ne3 Kf7 24. Rxa6 Nxf3+ 25. Kg2 Nxe5 26. Nxf5 b4 27. b3 Nd3 28. axb4 Rxb4 29. Nd6+ Ke7 30. Nf5+ 1/2-1/2

[Event "Scarborough CC Spring Into Summer U2000"]
[Site "Toronto"]
[Date "2011.05.12"]
[Round "2"]
[White "Sharpe, Michael D"]
[Black "Huston, Scott"]
[Result "0-1"]
[WhiteElo "1662"]
[BlackElo "1811"]
[PlyCount "64"]
[EventDate "2011.04.28"]
[EventType "swiss"]
[EventRounds "9"]
[EventCountry "CAN"]
[SourceTitle "EXT 2022"]
[Source "ChessBase"]
[SourceDate "2021.10.06"]
[SourceVersion "1"]
[SourceVersionDate "2021.10.06"]
[SourceQuality "1"]

1. e4 c5 2. Nf3 d6 3. d4 cxd4 4. Nxd4 Nf6 5. Nc3 a6 6. Be2 e5 7. Nb3 Be7 8. a4 0-0 9. 0-0 Be6 10. Be3 Nbd7 11. f3 Nb6 12. a5 Nc4 13. Bc1 b6 14. Nd5 Bxd5 15. exd5 b5 16. f4 Qc7 17. Rf3 Ng4 18. Rh3 Qa7+ 19. Nd4 Nf6 20. Bxc4 bxc4 21. Be3 exd4 22. Bxd4 Qb7 23. Bxf6 Bxf6 24. Qh5 h6 25. g4 Qxb2 26. Rd1 Bd4+ 27. Kh1 Qxc2 28. Rxd4 Qc1+ 29. Kg2 Qb2+ 30. Kf1 Qxd4 31. g5 Qxf4+ 32. Rf3 Qxg5 0-1

[Event "Scarborough CC Spring Into Summer U2000"]
[Site "Toronto"]
[Date "2011.04.28"]
[Round "1"]
[White "Huston, Scott"]
[Black "Xie, Peter"]
[Result "1-0"]
[WhiteElo "1811"]
[BlackElo "1693"]
[PlyCount "93"]
[EventDate "2011.04.28"]
[EventType "swiss"]
[EventRounds "9"]
[EventCountry "CAN"]
[SourceTitle "EXT 2022"]
[Source "ChessBase"]
[SourceDate "2021.10.06"]
[SourceVersion "1"]
[SourceVersionDate "2021.10.06"]
[SourceQuality "1"]

1. d4 Nf6 2. c4 g6 3. Nc3 Bg7 4. e4 d6 5. Nf3 0-0 6. h3 e5 7. d5 Nbd7 8. Be3 Nh5 9. Qd2 f5 10. Bg5 Ndf6 11. g3 Qd7 12. exf5 gxf5 13. 0-0-0 Ne4 14. Nxe4 fxe4 15. Nh4 b6 16. Be2 Qf7 17. Rdf1 a5 18. Qe3 Nf6 19. Bxf6 Bxf6 20. Qxe4 Bg5+ 21. Kd1 Bxh4 22. Qxh4 Qg6 23. Kd2 a4 24. f4 a3 25. b3 Qe4 26. fxe5 Qxh4 27. Rxf8+ Kxf8 28. gxh4 dxe5 29. Bg4 Ke7 30. Rf1 Bxg4 31. hxg4 Rg8 32. g5 Rg6 33. Ke3 h6 34. Rg1 hxg5 35. Rxg5 Rxg5 36. hxg5 Kf7 37. Ke4 Kg6 38. Kxe5 Kxg5 39. d6 cxd6+ 40. Kxd6 Kf4 41. Kc6 Ke3 42. Kxb6 Kd3 43. c5 Kc3 44. c6 Kb2 45. c7 Kxa2 46. c8Q Kxb3 47. Qc1 1-0

[Event "Scarborough CC-ch Reserves"]
[Site "Toronto"]
[Date "2011.04.21"]
[Round "9"]
[White "Huston, Scott"]
[Black "Ugodnikov, Arkadiy"]
[Result "0-1"]
[WhiteElo "1782"]
[BlackElo "1845"]
[PlyCount "106"]
[EventDate "2011.02.24"]
[EventType "swiss"]
[EventRounds "9"]
[EventCountry "CAN"]
[SourceTitle "EXT 2022"]
[Source "ChessBase"]
[SourceDate "2021.10.06"]
[SourceVersion "1"]
[SourceVersionDate "2021.10.06"]
[SourceQuality "1"]

1. d4 Nf6 2. c4 c5 3. Nf3 g6 4. Bg5 Bg7 5. Nc3 cxd4 6. Nxd4 0-0 7. e3 Nc6 8. Be2 Qa5 9. Bxf6 Bxf6 10. 0-0 Nxd4 11. exd4 Re8 12. Nd5 Bg7 13. b4 Qd8 14. Rc1 e6 15. Ne3 d5 16. cxd5 exd5 17. Bf3 Be6 18. Rc5 Bf8 19. Rb5 Qd7 20. Qa4 a6 21. Ra5 Qxa4 22. Rxa4 b5 23. Ra3 Red8 24. Rb3 Rac8 25. a3 Bg7 26. Rd1 h5 27. Kf1 Bh6 28. Ke2 Kf8 29. Rdd3 Bg7 30. h3 Ke7 31. Rd2 Kd6 32. Kd3 f5 33. Rc3 f4 34. Nd1 Bf5+ 35. Ke2 Re8+ 36. Kf1 Rc4 37. Rxc4 bxc4 38. Nc3 Bd3+ 39. Ne2 Bxe2+ 40. Bxe2 Re4 41. a4 Rxd4 42. Rxd4 Bxd4 43. Ke1 Bc3+ 44. Kd1 Bxb4 45. g3 fxg3 46. fxg3 Ke5 47. g4 hxg4 48. Bxg4 g5 49. Bf3 Kd4 50. Kc2 Kc5 51. Bg2 d4 52. Bb7 a5 53. Be4 d3+ 0-1

[Event "Scarborough CC-ch Reserves"]
[Site "Toronto"]
[Date "2011.03.10"]
[Round "3"]
[White "Stavropoulos, Greg"]
[Black "Huston, Scott"]
[Result "1/2-1/2"]
[WhiteElo "1917"]
[BlackElo "1782"]
[PlyCount "38"]
[EventDate "2011.02.24"]
[EventType "swiss"]
[EventRounds "9"]
[EventCountry "CAN"]
[SourceTitle "EXT 2022"]
[Source "ChessBase"]
[SourceDate "2021.10.06"]
[SourceVersion "1"]
[SourceVersionDate "2021.10.06"]
[SourceQuality "1"]

1. c4 Nf6 2. Nf3 e6 3. g3 b6 4. Bg2 Bb7 5. 0-0 Be7 6. Nc3 0-0 7. d4 Na6 8. Re1 d5 9. Ne5 c5 10. e3 Qc7 11. cxd5 Nxd5 12. Nxd5 Bxd5 13. Bxd5 exd5 14. Bd2 f6 15. Nd3 c4 16. Nf4 Qd7 17. Qf3 Bb4 18. Bc3 Bxc3 19. bxc3 Nc7 1/2-1/2

[Event "Scarborough CC Falling Leaves U2000"]
[Site "Toronto"]
[Date "2010.11.04"]
[Round "2"]
[White "Huston, Scott"]
[Black "Zhou, Kevin"]
[Result "0-1"]
[WhiteElo "1719"]
[BlackElo "1877"]
[PlyCount "88"]
[EventDate "2010.10.28"]
[EventType "swiss"]
[EventRounds "7"]
[EventCountry "CAN"]
[SourceTitle "EXT 2022"]
[Source "ChessBase"]
[SourceDate "2021.10.06"]
[SourceVersion "1"]
[SourceVersionDate "2021.10.06"]
[SourceQuality "1"]

1. d4 Nf6 2. c4 g6 3. Nc3 Bg7 4. e4 d6 5. Nge2 0-0 6. Ng3 e5 7. d5 h5 8. h4 a5 9. Bg5 Qe8 10. Be2 Na6 11. 0-0 Nc5 12. Nb5 Qd7 13. Nc3 Nh7 14. f4 f6 15. fxe5 fxg5 16. e6 Qe7 17. Nxh5 gxh5 18. Bxh5 Rxf1+ 19. Qxf1 Bxc3 20. Bf7+ Kg7 21. bxc3 Bxe6 22. dxe6 Nxe6 23. Bh5 Rf8 24. Qe2 Nf4 25. Qg4 Nxh5 26. Qxh5 Qf7 27. Qe2 Qf4 28. hxg5 Nxg5 29. Rd1 Nxe4 30. Rd4 Qf2+ 31. Qxf2 Nxf2 32. c5 Rf6 33. cxd6 cxd6 34. a4 Kg6 35. c4 b6 36. Rd5 Ne4 37. Rb5 Nd2 38. Rxb6 Nxc4 39. Rc6 d5 40. Rxf6+ Kxf6 41. Kf2 Nb6 42. Ke3 Nxa4 43. Kd4 Nb6 44. Kc5 a4 0-1

[Event "Toronto Howard Ridout Swiss U2000"]
[Site "Toronto"]
[Date "2010.10.21"]
[Round "6"]
[White "Huston, Scott"]
[Black "Manalo, Pepin"]
[Result "0-1"]
[WhiteElo "1736"]
[BlackElo "1872"]
[PlyCount "98"]
[EventDate "2010.09.09"]
[EventType "swiss"]
[EventRounds "6"]
[EventCountry "CAN"]
[SourceTitle "EXT 2022"]
[Source "ChessBase"]
[SourceDate "2021.10.06"]
[SourceVersion "1"]
[SourceVersionDate "2021.10.06"]
[SourceQuality "1"]

1. d4 g6 2. c4 Bg7 3. Nc3 Nf6 4. e4 d6 5. Nge2 0-0 6. Ng3 Nbd7 7. Be2 e5 8. d5 Qe7 9. h4 c6 10. h5 cxd5 11. cxd5 a6 12. hxg6 fxg6 13. Bg5 Qf7 14. Qd2 b5 15. a3 Nc5 16. Bd1 Ng4 17. f3 Nf6 18. b4 Ncd7 19. 0-0 Nb6 20. Be2 Bd7 21. Be3 Nc4 22. Bxc4 bxc4 23. Qe2 Rac8 24. Rac1 Be8 25. a4 Qb7 26. Rb1 h5 27. b5 axb5 28. Nxb5 Qa6 29. Nc3 Rf7 30. Rb6 Qa5 31. Qc2 Bf8 32. Rfb1 Nd7 33. R6b4 Qa6 34. Nb5 c3 35. Nxc3 Nc5 36. Rb6 Qa5 37. Nce2 Bxa4 38. Qd2 Qa7 39. f4 h4 40. fxe5 hxg3 41. exd6 Nxe4 42. Qd3 Bc2 43. Qb5 Bxb1 44. Qxb1 Re8 45. d7 Qxd7 46. Nxg3 Qg4 47. Nxe4 Rxe4 48. Bf2 Rxf2 49. Rxg6+ Qxg6 0-1

[Event "Scarborough CC LH Summer op"]
[Site "Toronto"]
[Date "2010.04.29"]
[Round "1"]
[White "Zhou, Kevin"]
[Black "Huston, Scott"]
[Result "0-1"]
[WhiteElo "1879"]
[BlackElo "1666"]
[PlyCount "106"]
[EventDate "2010.04.29"]
[EventType "swiss"]
[EventRounds "8"]
[EventCountry "CAN"]
[SourceTitle "EXT 2022"]
[Source "ChessBase"]
[SourceDate "2021.10.06"]
[SourceVersion "1"]
[SourceVersionDate "2021.10.06"]
[SourceQuality "1"]

1. e4 c5 2. Nf3 d6 3. d4 cxd4 4. Nxd4 Nf6 5. Nc3 e5 6. Nb3 a6 7. Be2 Be6 8. 0-0 Nbd7 9. Be3 Be7 10. Qd2 0-0 11. Rad1 b5 12. f3 Nb6 13. Na5 Qc7 14. Bd3 Rfd8 15. Qf2 Nbd7 16. Nb3 Nc5 17. Nxc5 dxc5 18. a3 Rab8 19. Be2 Qc6 20. Rxd8+ Rxd8 21. Rd1 b4 22. Rxd8+ Bxd8 23. Nb1 Ba2 24. Nd2 bxa3 25. bxa3 c4 26. Qf1 c3 27. Nb3 Bxb3 28. cxb3 Bb6 29. Qc1 g6 30. Bc4 Bd4 31. Kf2 a5 32. a4 Qc5 33. Ke2 Nd7 34. Kd3 Bxe3 35. Qxe3 Qd4+ 36. Ke2 Kf8 37. f4 Qxe3+ 38. Kxe3 exf4+ 39. Kd3 Nc5+ 40. Kxc3 Nxe4+ 41. Kd4 Nd2 42. Ke5 Ke7 43. Bd5 g5 44. Kf5 f6 45. h4 h6 46. h5 Kd6 47. Bf7 f3 48. gxf3 Nxf3 49. Bc4 Ne5 50. Bf1 g4 51. Kxf6 g3 52. Kf5 Nf3 53. Kf4 Nd2 0-1

[Event "Scarborough CC-ch Reserves op"]
[Site "Toronto"]
[Date "2010.04.01"]
[Round "6"]
[White "Lin, Tony"]
[Black "Huston, Scott"]
[Result "1-0"]
[WhiteElo "1734"]
[BlackElo "1630"]
[PlyCount "49"]
[EventDate "2010.02.25"]
[EventType "swiss"]
[EventRounds "9"]
[EventCountry "CAN"]
[SourceTitle "EXT 2022"]
[Source "ChessBase"]
[SourceDate "2021.10.06"]
[SourceVersion "1"]
[SourceVersionDate "2021.10.06"]
[SourceQuality "1"]

1. e4 c5 2. Nf3 d6 3. d4 cxd4 4. Nxd4 Nf6 5. Nc3 a6 6. Be3 e5 7. Nb3 Be6 8. f3 Nbd7 9. Qd2 b5 10. 0-0-0 Be7 11. g4 Nb6 12. Kb1 0-0 13. g5 Nfd7 14. h4 Nc4 15. Bxc4 bxc4 16. Nc1 a5 17. f4 Bg4 18. Rdg1 Bh5 19. f5 f6 20. N1e2 Bxe2 21. Qxe2 Nb6 22. g6 Re8 23. Qh5 h6 24. Bxh6 d5 25. Bxg7 1-0

[Event "Toronto Scarborough CC Frost op"]
[Site "Toronto"]
[Date "2010.02.04"]
[Round "5"]
[White "Conte, Michael"]
[Black "Huston, Scott"]
[Result "1-0"]
[WhiteElo "1801"]
[BlackElo "1598"]
[PlyCount "49"]
[EventDate "2010.01.07"]
[EventType "swiss"]
[EventRounds "6"]
[EventCountry "CAN"]
[SourceTitle "EXT 2011"]
[Source "ChessBase"]
[SourceDate "2010.11.26"]
[SourceVersion "1"]
[SourceVersionDate "2010.11.26"]
[SourceQuality "1"]

1. e4 c5 2. Nc3 a6 3. g3 Nc6 4. Bg2 e6 5. Nge2 g6 6. 0-0 Bg7 7. f4 Nge7 8. d3 0-0 9. Be3 b6 10. Qd2 f5 11. Rad1 d5 12. exd5 exd5 13. d4 c4 14. Kh1 Bb7 15. Ng1 Qd7 16. Nf3 Rad8 17. Ne5 Nxe5 18. fxe5 Qe6 19. Rde1 Bc6 20. Bg5 Rd7 21. Ne2 Bb5 22. c3 Ra7 23. Nf4 Qc6 24. Bxe7 Rxe7 25. Bxd5+ 1-0

[Event "Toronto Scarborough CC Frost op"]
[Site "Toronto"]
[Date "2010.01.21"]
[Round "3"]
[White "Huston, Scott"]
[Black "Marcille, Gord"]
[Result "1-0"]
[WhiteElo "1598"]
[BlackElo "1827"]
[PlyCount "79"]
[EventDate "2010.01.07"]
[EventType "swiss"]
[EventRounds "6"]
[EventCountry "CAN"]
[SourceTitle "EXT 2011"]
[Source "ChessBase"]
[SourceDate "2010.11.26"]
[SourceVersion "1"]
[SourceVersionDate "2010.11.26"]
[SourceQuality "1"]

1. c4 Nf6 2. g3 e6 3. Bg2 c5 4. Nc3 Nc6 5. d3 Be7 6. Nf3 d5 7. cxd5 exd5 8. Bf4 0-0 9. 0-0 d4 10. Ne4 Nd5 11. Qc1 f5 12. Nxc5 Nxf4 13. gxf4 Rf6 14. e4 Bxc5 15. Qxc5 fxe4 16. dxe4 Rxf4 17. Rad1 Bg4 18. Rd3 Bxf3 19. Rxf3 Rxf3 20. Bxf3 Qf6 21. Be2 Rf8 22. f3 Qf4 23. Rf2 Rf6 24. Bc4+ Kh8 25. Qd5 Rg6+ 26. Kh1 Qf8 27. e5 d3 28. a3 Ne7 29. Qxb7 d2 30. Rxd2 Nc6 31. Qf7 Qc8 32. Qd7 Qxd7 33. Rxd7 h5 34. e6 Rf6 35. e7 Nxe7 36. Rxe7 Rxf3 37. Rxa7 Kh7 38. Kg2 Re3 39. Ra6 g6 40. Re6 1-0

[Event "Scarborough CC Falling Leaves U1700"]
[Site "Toronto"]
[Date "2009.11.05"]
[Round "1"]
[White "Mahoney, Ian"]
[Black "Huston, Scott"]
[Result "1/2-1/2"]
[WhiteElo "1494"]
[BlackElo "1605"]
[PlyCount "82"]
[EventDate "2009.11.05"]
[EventType "swiss"]
[EventRounds "7"]
[EventCountry "CAN"]
[SourceTitle "EXT 2011"]
[Source "ChessBase"]
[SourceDate "2010.11.26"]
[SourceVersion "1"]
[SourceVersionDate "2010.11.26"]
[SourceQuality "1"]

1. e4 c5 2. Nf3 d6 3. d4 cxd4 4. Nxd4 Nf6 5. Nc3 a6 6. Be3 Ng4 7. Bg5 Qb6 8. Nd5 Qa5+ 9. b4 Qd8 10. Be2 Ne5 11. f4 Nec6 12. 0-0 f6 13. Bh4 Nxd4 14. Qxd4 Nc6 15. Qc3 Be6 16. Kh1 Rc8 17. Qg3 Bf7 18. Bg4 e6 19. Rae1 exd5 20. exd5+ Ne7 21. Bxc8 Qxc8 22. f5 Kd7 23. c4 Qxc4 24. Rc1 Qxd5 25. Rcd1 Qe5 26. Qf3 Nc6 27. Bg3 Qb5 28. a3 Bc4 29. Rf2 Ne5 30. Bxe5 fxe5 31. f6 gxf6 32. Qxf6 Rg8 33. Qf5+ Be6 34. Qxh7+ Be7 35. Rfd2 Ke8 36. Rc2 Rf8 37. Qh5+ Kd7 38. Rcc1 Rf2 39. Qh8 Rf8 40. Qg7 Rf7 41. Qh8 Bd8 1/2-1/2

[Event "Toronto Howard Ridout op U1700"]
[Site "Toronto"]
[Date "2009.10.01"]
[Round "4"]
[White "Huston, Scott"]
[Black "Karpik, Steve"]
[Result "1-0"]
[WhiteElo "1475"]
[BlackElo "1522"]
[PlyCount "83"]
[EventDate "2009.09.10"]
[EventType "swiss"]
[EventRounds "8"]
[EventCountry "CAN"]
[SourceTitle "EXT 2011"]
[Source "ChessBase"]
[SourceDate "2010.11.26"]
[SourceVersion "1"]
[SourceVersionDate "2010.11.26"]
[SourceQuality "1"]

1. c4 d6 2. g3 Nc6 3. Bg2 g6 4. Nc3 Bg7 5. d3 Nf6 6. e4 e5 7. h3 Bd7 8. Nge2 Qc8 9. Bg5 0-0 10. Qd2 Ne8 11. Bh6 f5 12. Bxg7 Kxg7 13. f4 Nf6 14. 0-0-0 a5 15. h4 h5 16. Nd5 Ng4 17. Rdf1 Qd8 18. d4 exd4 19. Nxd4 Ne7 20. Qc3 Kh7 21. Nf3 Nxd5 22. exd5 Qf6 23. Qxf6 Rxf6 24. Re1 Rd8 25. Re7+ Kg8 26. Rhe1 Rf7 27. Rxf7 Kxf7 28. Ng5+ Kf6 29. Kd2 Re8 30. Rxe8 Bxe8 31. Ne6 c5 32. dxc6 Bxc6 33. Bxc6 bxc6 34. Nd8 d5 35. Nxc6 dxc4 36. Nxa5 Nf2 37. Nxc4 Ne4+ 38. Ke3 Nxg3 39. a4 Ne4 40. a5 Nc5 41. b4 Na6 42. b5 1-0

[Event "Toronto Howard Ridout op U1700"]
[Site "Toronto"]
[Date "2009.09.10"]
[Round "1"]
[White "Huston, Scott"]
[Black "Du, Robert"]
[Result "1-0"]
[WhiteElo "1475"]
[BlackElo "1348"]
[PlyCount "63"]
[EventDate "2009.09.10"]
[EventType "swiss"]
[EventRounds "8"]
[EventCountry "CAN"]
[SourceTitle "EXT 2011"]
[Source "ChessBase"]
[SourceDate "2010.11.26"]
[SourceVersion "1"]
[SourceVersionDate "2010.11.26"]
[SourceQuality "1"]

1. c4 d6 2. g3 Nc6 3. Bg2 Bd7 4. Nf3 Qc8 5. Nc3 Nf6 6. d4 Bh3 7. 0-0 Bxg2 8. Kxg2 Qd7 9. e4 0-0-0 10. Qa4 e5 11. d5 Nb8 12. Qxa7 h5 13. Qa8 Be7 14. Be3 Qg4 15. h3 Qg6 16. Ba7 Kd7 17. Nh4 Qh7 18. Qxb7 Rc8 19. f3 g5 20. Nf5 g4 21. fxg4 hxg4 22. h4 Nh5 23. Rh1 Bxh4 24. Rxh4 Qg6 25. Bxb8 Nf4+ 26. gxf4 Rxh4 27. Nxh4 Qh6 28. Rh1 Qxf4 29. Rf1 Qh6 30. Qc6+ Kd8 31. Rxf7 Qxh4 32. Qd7# 1-0